000 00314nam a2200133Ia 4500
008 150301s2015 xx 000 0 und d
082 _a616.01
_bM98P
100 _aPELCZAR, MICHAEL J.
245 _aMICROBIOLOGY
260 _bTATA MEGRAW HILL IND
300 _a918
650 _aPHARMACEUTICS
942 _2ddc
_cBK
_02
999 _c7363
_d7363